|
|
|
|
| LEADER |
00000nab a2200000 a 4500 |
| 001 |
vtls008306874 |
| 003 |
SK-MaSNL |
| 005 |
20260304140744.0 |
| 008 |
250505c2005 xo mr|p|||||||000 b|slo |
| 015 |
|
|
|a SNBRB2005/11
|2 snkbucl
|
| 035 |
|
|
|a (uuid)756464b0-ed63-4814-a920-fa60e2bd27f0
|
| 035 |
|
|
|a urn:nbn:sk:snk-abbz72
|
| 035 |
|
|
|a (urnnbn)urn:nbn:sk:snk:ar-001bll
|
| 038 |
|
|
|a SNKBUCL
|
| 040 |
|
|
|a SNKBUCL
|b slo
|c SNKBUCL
|e AACR2
|
| 041 |
0 |
|
|a slo
|
| 044 |
|
|
|a xo
|c SK
|
| 080 |
|
|
|a 004.93
|2 1997
|
| 080 |
|
|
|a 621.397.3
|2 1997
|
| 080 |
|
|
|a 531.13
|2 1997
|
| 100 |
1 |
|
|a Jurišica, Ladislav,
|d 1942-
|4 aut
|9 109778
|
| 245 |
1 |
0 |
|a Detekcia a sledovanie objektov
|n (1)
|c Ladislav Jurišica, Peter Hubinský, Juraj Knot
|
| 500 |
|
|
|a Pokračovanie v budúcom čísle
|
| 504 |
|
|
|a Bibliogr. odkazy
|
| 650 |
0 |
7 |
|a objekty
|2 snkbucl
|9 832682
|
| 650 |
0 |
7 |
|a detekcia objektov
|2 snkbucl
|9 1457593
|
| 650 |
0 |
7 |
|a sledovanie objektov
|2 snkbucl
|9 1457594
|
| 650 |
0 |
7 |
|a dynamické obrazy
|2 snkbucl
|9 1400871
|
| 650 |
0 |
7 |
|a spracovanie obrazu
|2 snkbucl
|9 74208
|
| 650 |
0 |
7 |
|a dynamické spracovanie obrazu
|2 snkbucl
|9 1457595
|
| 650 |
0 |
7 |
|a pohyb
|2 snkbucl
|9 397811
|
| 700 |
1 |
|
|a Hubinský, Peter,
|d 1962-
|4 aut
|9 213481
|
| 700 |
1 |
|
|a Knot, Juraj
|4 aut
|9 1400872
|
| 773 |
0 |
|
|t AT&P journal
|g Roč. XII, č. 6 (2005), s. 69-70
|x 1335-2237
|
| 850 |
|
|
|a Slovenská národná knižnica
|
| 852 |
|
|
|a Slovenská národná knižnica
|
| 954 |
|
|
|a odborná, vedecká literatúra pôvodná (slovenská)
|2 lita
|
| 958 |
|
|
|a article15
|
| 958 |
|
|
|a OND
|
| 958 |
|
|
|a NB
|
| 958 |
|
|
|a EUIPO
|
| 999 |
|
|
|c 2916388
|d 2918318
|